The Physics of Metals : 1. Electrons

Na minha lista:
Detalhes bibliográficos
Autor principal: Ziman, J.M (Author)
Formato: Livro
Idioma:inglês
Publicado em: Cambridge : Cambridge University Press, 1969
Assuntos:
Tags: Adicionar Tag
Sem tags, seja o primeiro a adicionar uma tag!

MARC

LEADER 00000nam a22000003a 4500
001 stu301591
003 SK-STU
005 20150617230325.3
008 141205s1969----uk------------------eng-d
020 |a 978-0-521-18079-5 
040 |a STU  |b slo 
041 0 |a eng 
044 |a xxk 
100 1 |a Ziman, J.M  |4 aut 
245 1 |a The Physics of Metals :  |b 1. Electrons 
260 |a Cambridge :  |b Cambridge University Press,  |c 1969 
300 |a 433 s. 
500 |a 1st paperback ed. 2010 
650 7 |a fyzika kovov  |2 stusub 
996 |b 284M086271  |c M*13748-1  |l MMKN  |s A  |a 24  |w stu301591_0001